Visualizzazione normale
Vista MARC
- Shepard Sam
di Personal Name
Records bibliografici associati: 1
001 - CONTROL NUMBER
- control field: 39249
003 - CONTROL NUMBER IDENTIFIER
- control field: IT-RoPau
005 - DATE AND TIME OF LATEST TRANSACTION
- control field: 20151126095118.0
008 - FIXED-LENGTH DATA ELEMENTS
- fixed length control field: 151126|| aca||aabn | a|a d
040 ## - CATALOGING SOURCE
- Original cataloging agency: IT-RoPau
- Transcribing agency: IT-RoPau
100 ## - HEADING--PERSONAL NAME
- Personal name: Shepard Sam
- Relator term: (soggetto)
- Miscellaneous information: Codice Soggetto SPICS: 22867
670 ## - SOURCE DATA FOUND
- Source citation: Work cat.: (IT-RoPau)105062: Wenders Wim Codice regista SPICS: 499 39244, PARIS, TEXAS PARIS, TEXAS (Rif. Codice opera principale : H7857)